| 000 | 006600000a22002170004500 | ||
|---|---|---|---|
| 003 | LK-CoMWRAF | ||
| 005 | 20230829121439.0 | ||
| 008 | 230817t1995 ||||| |||| 00| 0 eng d | ||
| 020 | _a0471126764 | ||
| 040 |
_aLK-CoMWRAF _dLK-CoMWRAF _eLK-CoMWRAF |
||
| 041 | _aeng | ||
| 082 |
_a940.5344 _bWEI |
||
| 100 | _aWeitz, Mararet Collins | ||
| 245 |
_aSisters in the Resistance: _bHow Women Fought to Free France, 1940-1945 |
||
| 260 |
_aNew York: _bJohn Wiley, _c1995 |
||
| 300 |
_axviii, 350 p. ; 25 cm. _bBibliography and index included |
||
| 650 | _aWORLD WAR, 1939-1945 | ||
| 650 | _aUnderground movements--France | ||
| 650 | _aWomen--France. | ||
| 942 | _cBK | ||
| 999 |
_c695 _d695 |
||